| 000 | 00563nam a2200193Ia 4500 | ||
|---|---|---|---|
| 008 | 131103s9999 xx 000 0 und d | ||
| 040 | _aLoreto College | ||
| 041 | _aEnglish | ||
| 082 |
_a942/ASH _bLCLIB/3850 |
||
| 100 | _aAshley,Maurice | ||
| 245 |
_aEngland in the seventeenth century _cMaurice Ashley |
||
| 250 | _a2nd ed. | ||
| 260 |
_aLondon _bPenguin Books _c1954 (1960 printing) |
||
| 300 |
_a256 p. _c 18 cm. |
||
| 504 | _aIncludes bibliographical references and index | ||
| 650 | _aEngland - History,17th century | ||
| 850 | _aLCLIB | ||
| 942 | _cBK | ||
| 999 |
_c8859 _d59338 |
||